00950cam a22002531 45000010008000000030004000080050017000120080041000290100017000700200015000870350019001020400031001210420012001520430021001640500021001850820015002061000033002212450300002542500012005542600037005663000011006035040041006146500041006559605728OSt20200518110800.0790312s1900 enkbfj b 001 0 eng  a 04018463  a8171510043 a(OCoLC)4734393 aDLCcoclcdOCoLCdTQGdDLC apremarc aa------af------00aDS234b.A38 1900 a953bALI/S aAli, Syed Ameer d1849-1928.12aA short history of the Saracens:bbeing a concise account of the rise and decline of the Saracenic power, and of the economic, social and intellectual development of the Arab nation from the earliest times to the destruction of Bagdad, and the expulsion of the Moors from Spain /cSyed Ameer Ali a7th Ed. aNew Delhi:bKitab Bhavan,c2006. a640 p. a"Bibliographical index": p. 629-630. 0aHistory & geographyvIslamic History